Long Island Towns - Statistics

General Stats
  • This quiz has been taken 82 times
  • The average score is 7 of 15
Answer Stats
Answer Here % Correct
Hempstead
72%
Islip
72%
Oyster Bay
67%
Babylon
63%
Huntington
63%
Brookhaven
45%
Smithtown
43%
East Hampton
42%
Long Beach
42%
Riverhead
42%
Southampton
40%
North Hempstead
37%
Glen Cove
35%
Southold
17%
Shelter Island
15%
No matching quizzes found
Score Distribution
Percent of People with Each Score
Percentile by Number Answered
Your Score History
You have not taken this quiz